000 00385pab a2200169 454500
008 180718b2011 xxu||||| |||| 00| 0 eng d
100 _aElvin, Mark
245 _aChina's multiple revolutions
260 _c2011
300 _ap.83-101.
362 _aSep-Oct
650 _aRevolution - China
650 _aRevolution
773 _aNew Left Review
908 _aN
909 _a93604
999 _c93604
_d93604